00398nam a2200157Ia 4500003000400000005001700004008004100021020001400062050002200076100002000098245004200118260004100160300002400201521000700225526000800232OSt20140321104648.0140306s9999 xx 000 0 und d a159707070 aFICbL796H10 2007 aLobdell, Scott  2aA hardy day's night /cScott Lobdell. aNew York :bScholastic Inc.,cc2007. bcol. ill. ;c18 cm. aG5 c700